<?xml version="1.0" encoding="UTF-8"?><?xml-stylesheet type="text/xsl" href="static/style.xsl"?><OAI-PMH xmlns="http://www.openarchives.org/OAI/2.0/" xmlns:xsi="http://www.w3.org/2001/XMLSchema-instance" xsi:schemaLocation="http://www.openarchives.org/OAI/2.0/ http://www.openarchives.org/OAI/2.0/OAI-PMH.xsd"><responseDate>2026-04-29T09:10:13Z</responseDate><request verb="GetRecord" identifier="oai:riubu.ubu.es:10259/4457" metadataPrefix="marc">https://riubu.ubu.es/oai/request</request><GetRecord><record><header><identifier>oai:riubu.ubu.es:10259/4457</identifier><datestamp>2022-04-26T11:42:10Z</datestamp><setSpec>com_10259_2699</setSpec><setSpec>col_10259_2703</setSpec></header><metadata><record xmlns="http://www.loc.gov/MARC21/slim" xmlns:doc="http://www.lyncode.com/xoai" xmlns:xsi="http://www.w3.org/2001/XMLSchema-instance" xmlns:dcterms="http://purl.org/dc/terms/" xsi:schemaLocation="http://www.loc.gov/MARC21/slim http://www.loc.gov/standards/marcxml/schema/MARC21slim.xsd">
<leader>00925njm 22002777a 4500</leader>
<datafield tag="042" ind1=" " ind2=" ">
<subfield code="a">dc</subfield>
</datafield>
<datafield tag="720" ind1=" " ind2=" ">
<subfield code="a">Bartolomé Llorente, Daniel</subfield>
<subfield code="e">author</subfield>
</datafield>
<datafield tag="260" ind1=" " ind2=" ">
<subfield code="c">2016</subfield>
</datafield>
<datafield tag="520" ind1=" " ind2=" ">
<subfield code="a">La investigación presentada se desarrolla en la Provincia de Esmeraldas (Ecuador) teniendo como referencia la Unidad Educativa San Daniel Comboni. Este centro trabaja con estudiantes de los barrios vulnerables de la zona. El objetivo que persigue es conocer las demandas educativas de los estudiantes de 10º año de Educación Básica y sus intereses en los estudios de Bachillerato. &#xd;
&#xd;
La investigación, de carácter exploratorio y descriptivo, se realiza con un cuestionario estructurado y autoadministrado. Participan 11 centros educativos con un total de 807 estudiantes.&#xd;
&#xd;
El trabajo viene a poner de manifiesto que la demanda de este tipo de formación es real en la zona. Se confirma la tendencia dominante en el país y en la región. &#xd;
	&#xd;
Este estudio ha servido de base para la solicitud y aprobación de dos especialidades en la Unidad Educativa participante: Aplicación de Proyectos de Construcción y Conservería.</subfield>
</datafield>
<datafield tag="024" ind2=" " ind1="8">
<subfield code="a">http://hdl.handle.net/10259/4457</subfield>
</datafield>
<datafield tag="024" ind2=" " ind1="8">
<subfield code="a">10.36443/10259/4457</subfield>
</datafield>
<datafield ind1=" " ind2=" " tag="653">
<subfield code="a">Educación Técnico Profesional</subfield>
</datafield>
<datafield ind1=" " ind2=" " tag="653">
<subfield code="a">Demandas Educativas</subfield>
</datafield>
<datafield ind1=" " ind2=" " tag="653">
<subfield code="a">Bachillerato Técnico</subfield>
</datafield>
<datafield ind1=" " ind2=" " tag="653">
<subfield code="a">Estudio Explorativo</subfield>
</datafield>
<datafield ind1=" " ind2=" " tag="653">
<subfield code="a">Desarrollo de Competencias</subfield>
</datafield>
<datafield ind1=" " ind2=" " tag="653">
<subfield code="a">Career Technical Education</subfield>
</datafield>
<datafield ind1=" " ind2=" " tag="653">
<subfield code="a">Educational Demands</subfield>
</datafield>
<datafield ind1=" " ind2=" " tag="653">
<subfield code="a">Technical High School</subfield>
</datafield>
<datafield ind1=" " ind2=" " tag="653">
<subfield code="a">Exploratory Study</subfield>
</datafield>
<datafield ind1=" " ind2=" " tag="653">
<subfield code="a">Skills Development</subfield>
</datafield>
<datafield tag="245" ind1="0" ind2="0">
<subfield code="a">Demandas educativas de los estudiantes de 10º año de educación básica, con respecto al bachillerato, en la zona de influencia de la Unidad Educativa San Daniel Comboni en Esmeraldas, Ecuador. Un estudio exploratorio</subfield>
</datafield>
</record></metadata></record></GetRecord></OAI-PMH>